| 000 | 00866nam0a2200277 4500 | ||
|---|---|---|---|
| 001 | RU\NLR\BIBL_A\011900819 | ||
| 005 | 20250626145553.0 | ||
| 010 | _97170 | ||
| 035 | _a(NLR Aleph) 011900819 | ||
| 090 |
_a13420227 _c13420227 |
||
| 100 | _a20181225d1948 |||y0rusy50 ca | ||
| 101 | 0 | _akir | |
| 102 | _aKG | ||
| 105 | _aa z 000gy | ||
| 200 | 1 |
_aЖаштын телеги _fА. Токтомушев _g[cүрѳт. Е. И. Сушков] |
|
| 210 |
_aФрунзе _cКыргызмамбас _d1948 |
||
| 215 |
_a15,[1] c. _cил. _d15 |
||
| 541 | 1 |
_aМечты юношей _zrus |
|
| 686 | 1 | _aШ9(2)7=Ки-5 | |
| 700 | 1 |
_aТоктомушев _bА. _cпоэт _f1912-1995 _gАбдрасул _4070 |
|
| 702 | 1 |
_aСушков _bЕ. И. _4040 |
|
| 852 |
_aNLR _bОНЛ _jКирг./2-768 |
||
| 852 |
_aNLR _bОНЛ _jКирг./2-768 |
||
| 942 | _cBOOK | ||
| 980 | _aNB | ||